[Event "2nd Orense it"]
[Site "Orense ESP"]
[Date "1973.01.08"]
[Round "1"]
[White "De Castro, Edgar"]
[Black "Pomar Salamanca, Arturo"]
[Result "1/2-1/2"]
[WhiteElo "2320"]
[BlackElo "2460"]
[EventDate "1973.01.08"]
[PlyCount "30"]

1.c4 Nf6 2.Nf3 e6 3.g3 b6 4.Bg2 Bb7 5.O-O c5 6.Nc3 Nc6 7.b3 Be7 8.Bb2 O-O 
9.e3 d5 10.d3 Rc8 11.Qe2 Qd7 12.Rfd1 Rfd8 13.d4 Qe8 14.cxd5 exd5 15.Rdc1 
Ne4 1/2-1/2

[Event "2nd Orense it"]
[Site "Orense ESP"]
[Date "1973.01.08"]
[Round "1"]
[White "Durao, Joaquim Manuel"]
[Black "Mednis, Edmar John"]
[Result "1/2-1/2"]
[WhiteElo "2295"]
[BlackElo "2450"]
[EventDate "1973.01.08"]
[PlyCount "63"]

1.e4 c5 2.Nf3 d6 3.d4 cxd4 4.Nxd4 Nf6 5.Nc3 Nc6 6.Be2 g6 7.Be3 Bg7 8.O-O 
O-O 9.Nb3 a5 10.a4 Be6 11.Nd4 d5 12.exd5 Nxd5 13.Nxe6 fxe6 14.Bg4 Nxe3 15.
Qxd8 Nxd8 16.fxe3 Rxf1+ 17.Kxf1 Rc8 18.Rd1 Bxc3 19.bxc3 Kf7 20.Ke2 Ke8 21.
Kd2 Rc6 22.Rb1 Rd6+ 23.Ke2 b6 24.Bf3 e5 25.Rb5 Ne6 26.Rxe5 Nc5 27.Rd5 Rxd5
28.Bxd5 Kd7 29.Bc4 Kd6 30.Bb5 Ke5 31.Bc6 h6 32.Kd2 1/2-1/2

[Event "2nd Orense it"]
[Site "Orense ESP"]
[Date "1973.01.08"]
[Round "1"]
[White "Gheorghiu, Florin"]
[Black "Benko, Pal"]
[Result "1-0"]
[WhiteElo "2520"]
[BlackElo "2515"]
[EventDate "1973.01.08"]
[PlyCount "115"]

1.c4 c5 2.Nf3 g6 3.d4 cxd4 4.Nxd4 Nc6 5.e4 Bg7 6.Be3 Nf6 7.Nc3 O-O 8.Be2 
d6 9.O-O Nxd4 10.Bxd4 Be6 11.f4 Qd7 ( 11...Qc8 12.b3 a6 13.f5 gxf5 14.exf5
Bxf5 ) 12.Qd3 Rfc8 13.b3 Bg4 14.Rad1 Bxe2 15.Qxe2 Qe6 16.f5 gxf5 ( 16...
Qd7 17.Bxf6 Bxf6 ( 17...exf6 18.Nd5 Re8 19.fxg6 hxg6 20.Nxf6+ ) 18.e5 ) 
17.Rxf5 Ne8 18.Nd5 Bxd4+ 19.Rxd4 Ng7 20.Rf1 f6 21.Nf4 Qf7 22.Rd5 b6 23.Qf2
( 23.Qg4 ) 23...Rc5 ( 23...Ne6 24.Qg3+ Kh8 ) 24.Nd3 Rc7 ( 24...Rxd5 25.
exd5 b5 26.Qd4 ( 26.Qf4 ) 26...bxc4 27.Qxc4 ) 25.e5 dxe5 26.Nxe5 Qe6 27.
Qd4 Rf8 28.Ng4 Kh8 29.h3 Ne8 30.Rf3 Nd6 31.Nxf6 Rxf6 32.Rxf6 Qxf6 33.Qxf6+
exf6 34.Rxd6 Kg7 35.Kf2 Kg6 36.Kf3 Re7 37.Rd5 Re6 38.c5 bxc5 39.Rxc5 Ra6 
40.Rc2 Rd6 41.Rc4 Ra6 42.a4 Rd6 43.Ke3 Rd1 44.b4 h5 45.Rc7 a6 46.Rc6 Rb1 
47.Rb6 h4 48.Kf3 Rb2 49.Kg4 Rxg2+ 50.Kxh4 a5 51.bxa5 Rd2 52.Rb4 Rd5 53.Kg4
Rxa5 54.Kf4 Rh5 55.Kg3 Ra5 56.Kf3 Rc5 57.h4 Kf5 58.Rb5 1-0

[Event "2nd Orense it"]
[Site "Orense ESP"]
[Date "1973.01.08"]
[Round "1"]
[White "Janosevic, Dragoljub"]
[Black "Medina Garcia, Antonio"]
[Result "0-1"]
[WhiteElo "2430"]
[BlackElo "2380"]
[EventDate "1973.01.08"]
[PlyCount "110"]

1.e4 e5 2.Nc3 Nc6 3.Bc4 Nf6 4.d3 Bc5 5.Be3 d6 6.Nf3 Bg4 7.h3 Bxf3 8.Qxf3 
Nd4 9.Bxd4 Bxd4 10.Ne2 Bb6 11.g4 Qe7 12.Ng3 g6 13.O-O-O O-O-O 14.c3 c6 15.
Bb3 Rhf8 16.Kb1 Kb8 17.d4 exd4 18.cxd4 d5 19.e5 Ne8 20.Qd3 f6 21.f4 Nc7 
22.Rhf1 fxe5 23.fxe5 Ne6 24.Ne2 Rxf1 25.Rxf1 Rf8 26.Rf2 Qb4 27.Qc3 Qe7 28.
Qe3 a6 29.a3 Qh4 30.Rxf8+ Nxf8 31.Nf4 Bd8 32.Qf3 Qe7 33.h4 Qxh4 34.Ka2 Qe7
35.Bc2 Bb6 36.Qe3 Ka7 37.b4 Bd8 38.Nd3 Qg5 39.Qxg5 Bxg5 40.Nc5 b6 41.Nb3 
Ne6 42.Kb2 Be3 43.Kc3 Kb7 44.Bd1 Kc7 45.a4 Bf2 46.b5 cxb5 47.axb5 a5 48.
Bf3 a4 49.Nd2 Bxd4+ 50.Kb4 Nf4 51.Kxa4 Bxe5 52.Kb3 Kd6 53.Nf1 Ne6 54.Bg2 
Bf4 55.Kc3 Kc5 0-1

[Event "2nd Orense it"]
[Site "Orense ESP"]
[Date "1973.01.08"]
[Round "1"]
[White "Padevsky, Nikola"]
[Black "Ciocaltea, Victor"]
[Result "1/2-1/2"]
[WhiteElo "2430"]
[BlackElo "2470"]
[EventDate "1973.01.08"]
[PlyCount "63"]

1.b3 g6 2.Bb2 Nf6 3.g3 Bg7 4.Bg2 O-O 5.c4 d6 6.d3 e5 7.Nf3 Nc6 8.O-O Nh5 
9.Nc3 f5 10.Nd2 Be6 11.Nd5 Qd7 12.b4 Nd8 13.b5 c6 14.Nc3 Nf6 15.bxc6 bxc6 
16.Qa4 Rc8 17.Rab1 Nf7 18.Ba1 Rc7 19.Rb4 d5 20.cxd5 Nxd5 21.Nxd5 cxd5 22.
Qxd7 Rxd7 23.d4 e4 24.Rc1 Nd6 25.e3 Rc8 26.Rbb1 Rdc7 27.Nb3 Rxc1+ 28.Rxc1 
Rxc1+ 29.Nxc1 Bd7 30.Bc3 Bb5 31.Bb4 Bf8 32.Bf1 1/2-1/2

[Event "2nd Orense it"]
[Site "Orense ESP"]
[Date "1973.01.08"]
[Round "1"]
[White "Parma, Bruno"]
[Black "Cobo Arteaga, Eldis"]
[Result "1/2-1/2"]
[WhiteElo "2510"]
[BlackElo "2420"]
[EventDate "1973.01.08"]
[PlyCount "38"]

1.e4 c5 2.Nf3 Nc6 3.d4 cxd4 4.Nxd4 Nf6 5.Nc3 e5 6.Ndb5 h6 7.Bc4 a6 8.Nd6+ 
Bxd6 9.Qxd6 Qe7 10.Qxe7+ Kxe7 11.Be3 d6 12.O-O-O Be6 13.Bb3 b5 14.f3 Na5 
15.Kb1 Rhc8 16.Nd5+ Nxd5 17.Bxd5 Bxd5 18.Rxd5 Rc6 19.b3 Nb7 1/2-1/2

[Event "2nd Orense it"]
[Site "Orense ESP"]
[Date "1973.01.09"]
[Round "2"]
[White "Benko, Pal"]
[Black "Pomar Salamanca, Arturo"]
[Result "1-0"]
[WhiteElo "2515"]
[BlackElo "2460"]
[EventDate "1973.01.08"]
[PlyCount "75"]

1.Nf3 d5 2.g3 Nf6 3.Bg2 c5 4.c4 Nc6 5.cxd5 Nxd5 6.Nc3 Nc7 7.d3 e5 8.Nd2 
Bd7 9.O-O Be7 10.Nc4 f6 11.f4 b5 12.Ne3 O-O 13.fxe5 fxe5 14.Ned5 Rb8 15.
Bd2 Nxd5 16.Nxd5 Rxf1+ 17.Qxf1 Bg5 18.Bxg5 Qxg5 19.Qf2 Nd4 20.Rf1 Qd8 21.
Qe3 Qe8 22.Qg5 h6 23.Nf6+ Kh8 24.Nxe8 hxg5 25.Rf8+ Kh7 26.Be4+ g6 27.Nf6+ 
Kg7 28.Rxb8 Kxf6 29.e3 Nc2 30.Kf2 Bf5 31.Rxb5 Nb4 32.Ke2 Nxa2 33.Rxc5 Nb4 
34.Rc4 a5 35.Rc5 Bg4+ 36.Kd2 Bf5 37.Rxa5 g4 38.Rb5 1-0

[Event "2nd Orense it"]
[Site "Orense ESP"]
[Date "1973.01.09"]
[Round "2"]
[White "Ciocaltea, Victor"]
[Black "Janosevic, Dragoljub"]
[Result "1/2-1/2"]
[WhiteElo "2470"]
[BlackElo "2430"]
[EventDate "1973.01.08"]
[PlyCount "72"]

1.e4 c5 2.Nf3 Nc6 3.Bb5 g6 4.O-O Bg7 5.Re1 Nf6 6.c3 O-O 7.h3 d5 8.e5 Ne8 
9.d4 cxd4 10.cxd4 Na5 11.Nc3 Nc7 12.Bf1 Ne6 13.b4 Nc6 14.b5 Na5 15.Ba3 b6 
16.Bb4 Bb7 17.Bxa5 bxa5 18.Na4 Rc8 19.Qd2 Ba8 20.Rac1 Rxc1 21.Rxc1 Bb7 22.
Nc5 Bc8 23.a4 f6 24.exf6 Bxf6 25.Nxe6 Bxe6 26.Re1 Bd7 27.Ne5 Bxe5 28.Rxe5 
e6 29.g3 Qb6 30.h4 Kg7 31.Qe3 h5 32.Bd3 Rf6 33.Rg5 Qc7 34.Qe5 Qc1+ 35.Kg2 
Be8 36.f4 Qd2+ 1/2-1/2

[Event "2nd Orense it"]
[Site "Orense ESP"]
[Date "1973.01.09"]
[Round "2"]
[White "Cobo Arteaga, Eldis"]
[Black "Durao, Joaquim Manuel"]
[Result "1/2-1/2"]
[WhiteElo "2420"]
[BlackElo "2295"]
[EventDate "1973.01.08"]
[PlyCount "37"]

1.d4 Nf6 2.c4 g6 3.Nc3 Bg7 4.e4 d6 5.Nf3 O-O 6.Be2 e5 7.O-O Nc6 8.d5 Ne7 
9.Ne1 Nd7 10.Nd3 f5 11.Bd2 fxe4 12.Nxe4 Nf5 13.Bc3 b6 14.b4 Qh4 15.Bf3 Nf6
16.Qe2 Bd7 17.g3 Nxe4 18.Bxe4 Qe7 19.a4 1/2-1/2

[Event "2nd Orense it"]
[Site "Orense ESP"]
[Date "1973.01.09"]
[Round "2"]
[White "Gheorghiu, Florin"]
[Black "Parma, Bruno"]
[Result "1/2-1/2"]
[WhiteElo "2520"]
[BlackElo "2510"]
[EventDate "1973.01.08"]
[PlyCount "42"]

1.e4 c5 2.Nf3 Nc6 3.d4 cxd4 4.Nxd4 g6 5.c4 Nf6 6.Nc3 Nxd4 7.Qxd4 d6 8.Be3 
Bg7 9.f3 O-O 10.Qd2 Qa5 11.Be2 Be6 12.Rc1 Rfc8 13.b3 a6 14.Nd5 Qxd2+ 15.
Kxd2 Nxd5 16.cxd5 Bd7 17.Rxc8+ Rxc8 18.Rc1 Rxc1 19.Kxc1 e6 20.Kd2 exd5 21.
exd5 Kf8 1/2-1/2

[Event "2nd Orense it"]
[Site "Orense ESP"]
[Date "1973.01.09"]
[Round "2"]
[White "Medina Garcia, Antonio"]
[Black "De Castro, Edgar"]
[Result "0-1"]
[WhiteElo "2380"]
[BlackElo "2320"]
[EventDate "1973.01.08"]
[PlyCount "118"]

1.e4 c5 2.Nf3 Nc6 3.d4 cxd4 4.Nxd4 e6 5.Nc3 a6 6.g3 Nge7 7.Bg2 Nxd4 8.Qxd4
Nc6 9.Qd3 Bc5 10.O-O O-O 11.Bf4 d6 12.Rad1 e5 13.Bc1 Bg4 14.Rde1 Be6 15.
Nd5 Nb4 16.Qb3 b5 17.Be3 Bxe3 18.Qxb4 Bd4 19.Kh1 Bxd5 20.exd5 f5 21.c3 Bc5
22.Qb3 Rf6 23.Qc2 a5 24.Bh3 Qf8 25.f3 Kh8 26.Qe2 Rh6 27.Bg2 b4 28.f4 e4 
29.Rc1 Qf6 30.Rfd1 Qg6 31.Qe1 Rc8 32.cxb4 axb4 33.a3 b3 34.h3 Qg4 35.Kh2 
Qh5 36.Rc3 Rb8 37.Rdc1 g5 38.Qf1 g4 39.h4 Qe8 40.Qe1 Qd8 41.Rc4 Qf6 42.Qc3
Rg6 43.Bf1 Qxc3 44.R1xc3 Bxa3 45.Rc8+ Rg8 46.Rxg8+ Kxg8 47.Bc4 Bxb2 48.
Rxb3 Rc8 49.Rb4 Bd4 50.Kg2 Ra8 51.Rb1 Ra4 52.Rc1 Be3 53.Rc2 Ra3 54.Bb5 Ra7
55.Rc8+ Kg7 56.Rd8 Ra2+ 57.Kf1 Bc5 58.h5 e3 59.Rd7+ Kf6 0-1

[Event "2nd Orense it"]
[Site "Orense ESP"]
[Date "1973.01.09"]
[Round "2"]
[White "Mednis, Edmar John"]
[Black "Padevsky, Nikola"]
[Result "0-1"]
[WhiteElo "2450"]
[BlackElo "2430"]
[EventDate "1973.01.08"]
[PlyCount "112"]

1.e4 c5 2.Nf3 e6 3.d4 cxd4 4.Nxd4 Nf6 5.Nc3 d6 6.g4 a6 7.g5 Nfd7 8.Bg2 Nc6
9.O-O Be7 10.Nxc6 bxc6 11.f4 e5 12.f5 h6 13.f6 gxf6 14.Qh5 Nf8 15.gxh6 Be6
16.Bh3 Qd7 17.Bxe6 Nxe6 18.Be3 Qb7 19.Rab1 Qb4 20.Kh1 Qc4 21.Qf3 Ng5 22.
Bxg5 fxg5 23.Qh5 Qe6 24.h7 Qg6 25.Qxg6 fxg6 26.Rf3 Rxh7 27.Rbf1 Rb8 28.b3 
Rb4 29.Kg2 Rd4 30.Rd3 Rh4 31.Rfd1 Bf6 32.Re1 Ke7 33.Rf1 Rg4+ 34.Kh3 Rf4 
35.Rxf4 exf4 36.Rxd4 Bxd4 37.Ne2 Be3 38.Kg4 Kf6 39.h3 Ke5 40.Kf3 Bd2 41.
Ng1 Bc3 42.Ne2 Bb2 43.Ng1 Kd4 44.Ne2+ Kc5 45.c3 d5 46.e5 Kb6 47.b4 Kc7 48.
a4 Kd7 49.a5 d4 50.Nxd4 Bxc3 51.e6+ Kd6 52.e7 Kxe7 53.Nxc6+ Kd6 54.Nb8 
Bxb4 55.Nxa6 Ba3 56.Nb8 Kc7 0-1

[Event "2nd Orense it"]
[Site "Orense ESP"]
[Date "1973.01.10"]
[Round "3"]
[White "De Castro, Edgar"]
[Black "Ciocaltea, Victor"]
[Result "0-1"]
[WhiteElo "2320"]
[BlackElo "2470"]
[EventDate "1973.01.08"]
[PlyCount "80"]

1.Nf3 c5 2.g3 g6 3.Bg2 Bg7 4.O-O Nc6 5.d3 d6 6.c3 Nf6 7.Nbd2 O-O 8.e4 Ne8 
9.Nh4 e5 10.Nc4 Nc7 11.Ne3 Rb8 12.Qe1 b5 13.Bd2 b4 14.c4 Nd4 15.Nf3 Nde6 
16.Nd5 f5 17.Qd1 f4 18.Nxc7 Qxc7 19.g4 Qe7 20.h3 h5 21.gxh5 Kf7 22.hxg6+ 
Kxg6 23.Re1 Rh8 24.Kf1 Bd7 25.Ke2 Kf7 26.b3 Kf8 27.Bc1 Be8 28.Kd2 Bh5 29.
Bb2 Bf6 30.Kc2 a5 31.Bf1 a4 32.Rc1 Bh4 33.Be2 Bxf2 34.Rf1 Be3 35.Rb1 Ra8 
36.Nxe5 axb3+ 37.axb3 Ra2 38.Qe1 Nd4+ 39.Kd1 Qxe5 40.Bxh5 Qxh5+ 0-1

[Event "2nd Orense it"]
[Site "Orense ESP"]
[Date "1973.01.10"]
[Round "3"]
[White "Durao, Joaquim Manuel"]
[Black "Gheorghiu, Florin"]
[Result "0-1"]
[WhiteElo "2295"]
[BlackElo "2520"]
[EventDate "1973.01.08"]
[PlyCount "54"]

1.e4 c5 2.Nf3 d6 3.d4 cxd4 4.Nxd4 Nf6 5.Nc3 a6 6.f4 Qc7 7.a4 g6 8.Be2 Bg7 
9.Be3 Nc6 10.O-O O-O 11.Kh1 Bd7 12.Nb3 b6 13.g4 Nb4 14.g5 Nxe4 15.Nxe4 
Qxc2 16.Qxc2 Nxc2 17.Bxb6 Nxa1 18.Rxa1 Bxb2 19.Rb1 Bg7 20.a5 Bf5 21.Bd3 
Rfc8 22.Nd4 $6 Bxd4 23.Bxd4 Rc4 $3 24.Bxc4 Bxe4+ 25.Kg1 Bxb1 26.Kf2 Rc8 
27.Be2 Rc2 0-1

[Event "2nd Orense it"]
[Site "Orense ESP"]
[Date "1973.01.10"]
[Round "3"]
[White "Janosevic, Dragoljub"]
[Black "Mednis, Edmar John"]
[Result "1-0"]
[WhiteElo "2430"]
[BlackElo "2450"]
[EventDate "1973.01.08"]
[PlyCount "75"]

1.e4 e6 2.d4 d5 3.Nd2 Nc6 4.Ngf3 Nf6 5.e5 Nd7 6.Nb3 Be7 7.c3 Ncb8 8.Bd3 a5
9.O-O b6 10.Re1 Ba6 11.Bxa6 Nxa6 12.Nbd2 c6 13.Nf1 Nf8 14.Ne3 b5 15.g3 h5 
16.h4 Qd7 17.Ng2 c5 18.Bg5 Ng6 19.Bxe7 Nxe7 20.Nf4 c4 21.b3 Rc8 22.Nd2 g6 
23.bxc4 bxc4 24.Rb1 Rb8 25.Nf3 Kf8 26.Ng5 Kg7 27.Rxb8 Nxb8 28.g4 Kf8 29.
Qf3 Ke8 30.Nxh5 gxh5 31.Qxf7+ Kd8 32.Qf6 Rg8 33.gxh5 Kc8 34.h6 Nf5 35.h7 
Rxg5+ 36.hxg5 Qxh7 37.Qxe6+ Qd7 38.Qxd7+ 1-0

[Event "2nd Orense it"]
[Site "Orense ESP"]
[Date "1973.01.10"]
[Round "3"]
[White "Padevsky, Nikola"]
[Black "Cobo Arteaga, Eldis"]
[Result "1-0"]
[WhiteElo "2430"]
[BlackElo "2420"]
[EventDate "1973.01.08"]
[PlyCount "118"]

1.e4 c5 2.Nc3 Nc6 3.g3 g6 4.Bg2 Bg7 5.d3 d6 6.Nh3 e6 7.Be3 Nge7 8.Qd2 Rb8 
9.O-O b5 10.Bh6 Kf8 11.Ne2 e5 12.Bxg7+ Kxg7 13.f4 Bg4 14.f5 Ng8 15.Nc3 
Bxh3 16.Bxh3 f6 17.fxg6 hxg6 18.Be6 Nd4 19.Bxg8 Rxg8 20.Nd5 Rf8 21.Rf2 Rb7
22.Ne3 Qc8 23.c3 Ne6 24.h4 Rh8 25.Raf1 Rf7 26.Qe2 Nc7 27.Rh2 Ne6 28.Qg4 
Nc7 29.Nf5+ Kh7 30.h5 g5 31.h6 Qd7 32.Qh5 Rhf8 33.Ne3 a5 34.Rhf2 Qe6 35.a3
a4 36.Qf3 Qd7 37.Ng4 Ne8 38.Qe2 Kg6 39.Rf5 Qe6 40.Qd2 Kh7 41.R1f3 Kh8 42.
Qf2 Kh7 43.Qe3 Qb3 44.Qe2 Qe6 45.Rf2 Kh8 46.Kh2 Kh7 47.Qe3 Kg6 48.Kg2 Kh7 
49.d4 c4 50.Qf3 Kg6 51.Rf1 Qd7 52.dxe5 dxe5 53.h7 Kxh7 54.Nxe5 Qd2+ 55.Rf2
Qe1 56.Nxf7 Rxf7 57.Rxg5 Ng7 58.Rxb5 Rd7 59.Qe2 Qc1 1-0

[Event "2nd Orense it"]
[Site "Orense ESP"]
[Date "1973.01.10"]
[Round "3"]
[White "Parma, Bruno"]
[Black "Benko, Pal"]
[Result "1/2-1/2"]
[WhiteElo "2510"]
[BlackElo "2515"]
[EventDate "1973.01.08"]
[PlyCount "37"]

1.e4 c5 2.Nf3 d6 3.d4 cxd4 4.Nxd4 Nf6 5.Nc3 e6 6.Be2 a6 7.f4 Be7 8.O-O Qc7
9.a4 Nc6 10.Be3 O-O 11.Kh1 Na5 12.Nb3 b6 13.Qd4 Rb8 14.Rad1 Rd8 15.Bg1 d5 
16.e5 Ne4 17.Nxe4 dxe4 18.Qc3 Qxc3 19.bxc3 1/2-1/2

[Event "2nd Orense it"]
[Site "Orense ESP"]
[Date "1973.01.10"]
[Round "3"]
[White "Pomar Salamanca, Arturo"]
[Black "Medina Garcia, Antonio"]
[Result "1/2-1/2"]
[WhiteElo "2460"]
[BlackElo "2380"]
[EventDate "1973.01.08"]
[PlyCount "58"]

1.d4 Nf6 2.Nf3 d5 3.c4 e6 4.Nc3 Be7 5.Bg5 O-O 6.e3 h6 7.Bh4 b6 8.cxd5 Nxd5
9.Nxd5 exd5 10.Bxe7 Qxe7 11.Rc1 Bb7 12.Be2 c5 13.O-O Rc8 14.Ne5 Nc6 15.
Nxc6 Rxc6 16.Bf3 Rd8 17.Re1 Rc7 18.dxc5 bxc5 19.Qd2 Qf6 20.Rb1 Qb6 21.b4 
c4 22.a3 a5 23.bxa5 Qc5 24.a6 Ba8 25.Qd4 Qa5 26.e4 Rcd7 27.Qe5 Qxa6 28.
exd5 Qxa3 29.h3 Bxd5 1/2-1/2

[Event "2nd Orense it"]
[Site "Orense ESP"]
[Date "1973.01.11"]
[Round "4"]
[White "Benko, Pal"]
[Black "Medina Garcia, Antonio"]
[Result "1-0"]
[WhiteElo "2515"]
[BlackElo "2380"]
[EventDate "1973.01.08"]
[PlyCount "77"]

1.Nf3 d5 2.g3 Nf6 3.Bg2 e6 4.O-O Be7 5.d3 c5 6.Nbd2 Nc6 7.e4 O-O 8.Re1 Qc7
9.Qe2 Nd7 10.c3 b6 11.e5 Ba6 12.Nf1 Rae8 13.Bf4 Qd8 14.Qd2 Bc8 15.h4 f6 
16.exf6 Nxf6 17.N1h2 Bd6 18.Ne5 Nxe5 19.Bxe5 Bxe5 20.Rxe5 Qd6 21.Rae1 Ne4 
22.Bxe4 dxe4 23.R1xe4 Bb7 24.Re3 Qc6 25.f3 Rf6 26.Qe2 h6 27.Kf2 Kh7 28.h5 
Qa4 29.b3 Qd7 30.f4 Qc6 31.Nf3 a5 32.a4 b5 33.axb5 Qxb5 34.Nd2 Rd8 35.f5 
Qb6 36.Rxe6 Rxe6 37.Rxe6 Qc7 38.Ne4 Qd7 39.Nf6+ 1-0

[Event "2nd Orense it"]
[Site "Orense ESP"]
[Date "1973.01.11"]
[Round "4"]
[White "Ciocaltea, Victor"]
[Black "Pomar Salamanca, Arturo"]
[Result "1/2-1/2"]
[WhiteElo "2470"]
[BlackElo "2460"]
[EventDate "1973.01.08"]
[PlyCount "45"]

1.e4 c6 2.d3 e5 3.Nf3 d6 4.g3 Nf6 5.Bg2 Be7 6.O-O Bg4 7.h3 Bh5 8.g4 Bg6 9.
Nh4 Nbd7 10.Nf5 Bxf5 11.exf5 Nd5 12.c4 N5b6 13.Nc3 h5 14.b4 hxg4 15.Qxg4 
Nf6 16.Qe2 Qd7 17.a4 Qxf5 18.a5 Nbd7 19.a6 bxa6 20.Rxa6 Rxh3 21.Bxh3 Qxh3 
22.Qe3 Qf5 23.Ne4 1/2-1/2

[Event "2nd Orense it"]
[Site "Orense ESP"]
[Date "1973.01.11"]
[Round "4"]
[White "Cobo Arteaga, Eldis"]
[Black "Janosevic, Dragoljub"]
[Result "1-0"]
[WhiteElo "2420"]
[BlackElo "2430"]
[EventDate "1973.01.08"]
[PlyCount "69"]

1.d4 Nf6 2.c4 c5 3.Nf3 cxd4 4.Nxd4 Nc6 5.Nc3 g6 6.e4 Nxd4 7.Qxd4 d6 8.f3 
Bg7 9.Be3 O-O 10.Qd2 Be6 11.Rc1 Qa5 12.Be2 Rfc8 13.b3 a6 14.Na4 Qxd2+ 15.
Kxd2 Nd7 16.Rhd1 Rab8 17.Ke1 Nc5 18.Nb6 Rc6 19.Nd5 Bxd5 20.cxd5 Rcc8 21.
Rc2 a5 22.Rdc1 b6 23.a3 Rd8 24.Rb1 Rdc8 25.Bb5 Rc7 26.Rbc1 Ra7 27.b4 axb4 
28.axb4 Be5 29.f4 Ra3 30.Ke2 Bxf4 31.Bxf4 Nxe4 32.Be3 Kg7 33.Bd4+ f6 34.
Bd3 Ng5 35.Rc7 1-0

[Event "2nd Orense it"]
[Site "Orense ESP"]
[Date "1973.01.11"]
[Round "4"]
[White "Gheorghiu, Florin"]
[Black "Padevsky, Nikola"]
[Result "1-0"]
[WhiteElo "2520"]
[BlackElo "2430"]
[EventDate "1973.01.08"]
[PlyCount "138"]

1.Nf3 c5 2.c4 Nf6 3.Nc3 d5 4.cxd5 Nxd5 5.g3 Nc6 6.Bg2 Nc7 7.d3 e5 8.O-O 
Bd7 9.Nd2 f6 10.Nc4 b5 11.Ne3 Be7 12.Ned5 Rb8 13.Be3 O-O 14.Nxc7 Qxc7 15.
Nd5 Qd6 16.Nxe7+ Qxe7 17.Bxc6 Bxc6 18.Qc2 c4 19.dxc4 Qf7 20.cxb5 Bxb5 21.
Bc5 Rfc8 22.b4 a5 23.a3 axb4 24.axb4 Qc4 25.Qxc4+ Bxc4 26.Rfe1 Ra8 27.Rac1
Bb5 28.Rc2 Kf7 29.f3 Rd8 30.Kf2 Ke6 31.Bb6 Rdb8 32.Ba5 Rc8 33.Rec1 Rxc2 
34.Rxc2 Bd7 35.Bb6 Ra6 36.Ba5 Ra8 37.Bb6 Ra6 38.Be3 Ra8 39.Bc5 Bb5 40.Rd2 
Ra6 41.g4 g6 42.Kg3 g5 43.h4 h6 44.Bf8 Ra8 45.Bc5 Kf7 46.h5 Ra3 47.Kf2 Ra6
48.Rc2 Ba4 49.Ra2 Bb5 50.Rd2 Ra3 51.Bd6 Ra6 52.Rd5 Bc4 53.Rc5 Bxe2 54.Kxe2
Rxd6 55.b5 Rd4 56.b6 Rb4 57.Rc7+ Ke6 58.b7 Kd6 59.Rh7 e4 60.fxe4 Ke5 61.
Kd3 Kf4 62.Rxh6 Kxg4 63.Rxf6 Rxb7 64.h6 Kh5 65.e5 g4 66.e6 g3 67.Rf7 Rb8 
68.h7 Re8 69.e7 Kg6 1-0

[Event "2nd Orense it"]
[Site "Orense ESP"]
[Date "1973.01.11"]
[Round "4"]
[White "Mednis, Edmar John"]
[Black "De Castro, Edgar"]
[Result "1-0"]
[WhiteElo "2450"]
[BlackElo "2320"]
[EventDate "1973.01.08"]
[PlyCount "133"]

1.e4 c5 2.Nf3 e6 3.d4 cxd4 4.Nxd4 Nf6 5.Nc3 d6 6.g4 h6 7.g5 hxg5 8.Bxg5 a6
9.Qd2 Be7 10.O-O-O Qc7 11.f4 Bd7 12.h4 Nc6 13.Bh3 O-O-O 14.Nxc6 Qxc6 15.e5
dxe5 16.fxe5 Ng8 17.Bg2 Qc4 18.Ne4 Qxa2 19.Nd6+ Bxd6 20.Qxd6 Nf6 21.Qa3 
Qxa3 22.bxa3 Ng4 23.Bxd8 Rxd8 24.Rhe1 f5 25.exf6 gxf6 26.Rd4 f5 27.Bf3 Nf6
28.Rg1 e5 29.Rd6 Ne8 30.Rdg6 e4 31.Bd1 f4 32.h5 Bf5 33.Bg4 Bxg4 34.R6xg4 
Nf6 35.Rxf4 Nxh5 36.Rxe4 Nf6 37.Re7 Nd5 38.Rf7 Rd7 39.Rg8+ Kc7 40.Rxd7+ 
Kxd7 41.Kb2 Kc6 42.Kb3 Kb6 43.Rg6+ Kc7 44.Rh6 Kb8 45.a4 Ka7 46.Rd6 Ne7 47.
Kb4 Nf5 48.Rd3 Kb6 49.a5+ Ka7 50.Kc5 Ne7 51.Rd6 Kb8 52.Rd7 Nc8 53.Rh7 Na7 
54.Kb6 Nc8+ 55.Kc5 Na7 56.Rg7 Nc8 57.Kd5 Na7 58.Kd6 Nb5+ 59.Kd7 Nd4 60.
Rg8+ Ka7 61.Rc8 Nb5 62.Ke6 Nd4+ 63.Kd5 Nb5 64.Kc5 Nc3 65.Re8 Nb5 66.c4 Nc7
67.Re7 1-0

[Event "2nd Orense it"]
[Site "Orense ESP"]
[Date "1973.01.11"]
[Round "4"]
[White "Parma, Bruno"]
[Black "Durao, Joaquim Manuel"]
[Result "1-0"]
[WhiteElo "2510"]
[BlackElo "2295"]
[EventDate "1973.01.08"]
[PlyCount "74"]

1.e4 e5 2.Nf3 d6 3.d4 Nf6 4.Nc3 Nbd7 5.Bc4 Be7 6.O-O O-O 7.a4 c6 8.Ba2 Qc7
9.Re1 h6 10.Nh4 exd4 11.Qxd4 Nc5 12.Ng6 Rd8 13.Bd2 Be6 14.Nxe7+ Qxe7 15.
Nd5 cxd5 16.exd5 Qd7 17.dxe6 Nxe6 18.Qh4 Nh7 19.Qg3 Kh8 20.Bc3 Nhf8 21.
Rad1 Rac8 22.h3 Qxa4 23.Bxe6 Nxe6 24.Rxe6 Rxc3 25.Rxh6+ gxh6 26.Qxc3+ Kh7 
27.Rd4 Qe8 28.Qd3+ Kh8 29.Re4 Qf8 30.Qd5 Re8 31.Qxb7 Rb8 32.Qd7 d5 33.Re7 
Kg7 34.b3 d4 35.Qxd4+ Kg8 36.Rxa7 Rd8 37.Rd7 Re8 1-0

[Event "2nd Orense it"]
[Site "Orense ESP"]
[Date "1973.01.12"]
[Round "5"]
[White "De Castro, Edgar"]
[Black "Cobo Arteaga, Eldis"]
[Result "0-1"]
[WhiteElo "2320"]
[BlackElo "2420"]
[EventDate "1973.01.08"]
[PlyCount "78"]

1.Nf3 Nf6 2.c4 c5 3.Nc3 Nc6 4.g3 d5 5.cxd5 Nxd5 6.Bg2 Nc7 7.O-O e5 8.d3 
Bd7 9.Be3 Be7 10.Qd2 O-O 11.Ne1 Rc8 12.Rc1 b6 13.f4 exf4 14.Bxf4 Ne6 15.
Be3 Ncd4 16.Nd5 Bc6 17.Nxe7+ Qxe7 18.Bxc6 Nxc6 19.Rc4 Rfe8 20.Re4 Rcd8 21.
Nf3 Qd7 22.Rh4 f6 23.Qc2 Nf8 24.Bc1 Qe6 25.Qa4 Qd7 26.Rf2 Ng6 27.Qc4+ Kh8 
28.Re4 Nce5 29.Nxe5 Nxe5 30.Qc3 Nc6 31.Ref4 Nd4 32.Qd2 Ne6 33.Rh4 Ng5 34.
Rg2 Qf5 35.Qd1 Nh3+ 36.Rxh3 Qxh3 37.Bf4 Qd7 38.Qc2 Qd4+ 39.Kf1 c4 0-1

[Event "2nd Orense it"]
[Site "Orense ESP"]
[Date "1973.01.12"]
[Round "5"]
[White "Durao, Joaquim Manuel"]
[Black "Benko, Pal"]
[Result "1/2-1/2"]
[WhiteElo "2295"]
[BlackElo "2515"]
[EventDate "1973.01.08"]
[PlyCount "101"]

1.d4 Nf6 2.c4 c5 3.Nf3 cxd4 4.Nxd4 e6 5.e3 Bb4+ 6.Bd2 Be7 7.Nc3 Nc6 8.Be2 
O-O 9.O-O d6 10.Qc2 Bd7 11.Rfd1 Qb8 12.Nxc6 bxc6 13.e4 Rd8 14.Bg5 Qc7 15.
Rac1 Rab8 16.b3 Be8 17.Rd3 h6 18.Bh4 c5 19.Rh3 a6 20.f4 Bc6 21.Bf3 Ne8 22.
Rf1 Bxh4 23.Rxh4 Qe7 24.Rh3 Rb7 25.f5 e5 26.g4 Rdb8 27.Qd2 a5 28.Bd1 a4 
29.Rg3 axb3 30.Bxb3 Qg5 31.Qxg5 hxg5 32.Rd1 Rd8 33.h3 Kf8 34.Kf2 Nf6 35.
Ke3 Ke7 36.Rh1 Rh8 37.Kf3 Rh4 38.Rgg1 Rb8 39.Re1 Rbh8 40.Kg2 Kd7 41.Bc2 
Ra8 42.Rb1 Ne8 43.Rb3 Nc7 44.Rhb1 Rhh8 45.Rb6 Ra3 46.R6b3 Rha8 47.Rxa3 
Rxa3 48.Rb3 Ra8 49.Rb2 Ra3 50.Rb3 Ra8 51.Rb2 1/2-1/2

[Event "2nd Orense it"]
[Site "Orense ESP"]
[Date "1973.01.12"]
[Round "5"]
[White "Janosevic, Dragoljub"]
[Black "Gheorghiu, Florin"]
[Result "0-1"]
[WhiteElo "2430"]
[BlackElo "2520"]
[EventDate "1973.01.08"]
[PlyCount "38"]

1.e4 c5 2.Nf3 d6 3.d4 cxd4 4.Nxd4 Nf6 5.Nc3 Nc6 6.Bc4 e6 7.Be3 Be7 8.Qe2 
O-O 9.O-O-O Qc7 10.Bb3 a6 11.g4 Nxd4 12.Rxd4 b5 13.g5 Nd7 14.Rg1 Rb8 15.
Qh5 Rd8 16.e5 d5 17.Nxd5 exd5 18.Bxd5 Nxe5 19.Rh4 Bf5 0-1

[Event "2nd Orense it"]
[Site "Orense ESP"]
[Date "1973.01.14"]
[Round "5"]
[White "Medina Garcia, Antonio"]
[Black "Ciocaltea, Victor"]
[Result "1/2-1/2"]
[WhiteElo "2380"]
[BlackElo "2470"]
[EventDate "1973.01.08"]
[PlyCount "60"]

1.e4 g6 2.Nc3 Bg7 3.g3 e5 4.Bg2 Nc6 5.d3 d6 6.f4 Nge7 7.Nf3 Nd4 8.Be3 O-O 
9.O-O Bg4 10.fxe5 dxe5 11.Qd2 Qd7 12.Rf2 Rad8 13.Raf1 b6 14.Kh1 f6 15.Bh6 
c5 16.b3 b5 17.Nd1 Be6 18.Bxg7 Kxg7 19.Ne3 Ndc6 20.Qc3 Qd6 21.g4 Nd4 22.
Qe1 Bc8 23.Ng1 Ne6 24.Ne2 g5 25.Bf3 Nf4 26.h4 Nxe2 27.Rxe2 Ng6 28.hxg5 
fxg5 29.Nf5+ Bxf5 30.exf5 Nf4 1/2-1/2

[Event "2nd Orense it"]
[Site "Orense ESP"]
[Date "1973.01.12"]
[Round "5"]
[White "Padevsky, Nikola"]
[Black "Parma, Bruno"]
[Result "1/2-1/2"]
[WhiteElo "2430"]
[BlackElo "2510"]
[EventDate "1973.01.08"]
[PlyCount "29"]

1.d4 Nf6 2.Nf3 e6 3.c4 b6 4.g3 Bb7 5.Bg2 Be7 6.O-O O-O 7.Nc3 Ne4 8.Nxe4 
Bxe4 9.Ne1 Bxg2 10.Nxg2 d5 11.cxd5 Qxd5 12.Ne3 Qd7 13.Nc2 a5 14.Be3 Na6 
15.Qd2 1/2-1/2

[Event "2nd Orense it"]
[Site "Orense ESP"]
[Date "1973.01.12"]
[Round "5"]
[White "Pomar Salamanca, Arturo"]
[Black "Mednis, Edmar John"]
[Result "1/2-1/2"]
[WhiteElo "2460"]
[BlackElo "2450"]
[EventDate "1973.01.08"]
[PlyCount "32"]

1.d4 Nf6 2.Nf3 g6 3.g3 Bg7 4.Bg2 O-O 5.O-O c6 6.c4 d5 7.b3 Bf5 8.Bb2 Ne4 
9.Nbd2 Qa5 10.a3 Qb6 11.b4 a5 12.c5 Qc7 13.Nh4 Nxd2 14.Qxd2 Be6 15.f3 f5 
16.Bh3 Bf7 1/2-1/2

[Event "2nd Orense it"]
[Site "Orense ESP"]
[Date "1973.01.14"]
[Round "6"]
[White "Benko, Pal"]
[Black "Ciocaltea, Victor"]
[Result "1/2-1/2"]
[WhiteElo "2515"]
[BlackElo "2470"]
[EventDate "1973.01.08"]
[PlyCount "30"]

1.e4 c5 2.Nf3 d6 3.Bb5+ Bd7 4.Bxd7+ Qxd7 5.c4 e5 6.Nc3 g6 7.d3 Bg7 8.a3 
Nc6 9.Rb1 Nge7 10.b4 b6 11.bxc5 bxc5 12.Qa4 Rb8 13.Rxb8+ Nxb8 14.Qb5 Nbc6 
15.O-O f6 1/2-1/2